Encuentra los países en el escenario navideño - Estadísticas

Estadísticas generales
  • Esta prueba ha sido intentada 2.486 veces
  • La puntuación promedio es 16 de 20
Respuestas en el mapa
Las respuestas están codificadas por una escala verde-roja en el mapa de la prueba según el % correcto abajo.
 
Estadísticas de respuestas
País % Correcto
Reino Unido
99%
Suecia
99%
Finlandia
98%
Ciudad del Vaticano
96%
Islandia
96%
Canadá
95%
Barbados
90%
Túnez
89%
Armenia
87%
Bután
87%
Japón | Bangladés
86%
Australia
79%
Haití
79%
China
78%
Vietnam
71%
Esuatini
69%
Islas Marshall
64%
Pakistán
61%
Líbano
56%
Granada
28%
No se encontraron pruebas coincidentes
Distribución de puntuación
Porcentaje de gente con cada puntuación
Porcentaje por número respondido
Historial de tus puntuaciones
No has intentado esta prueba.